Statistics for 2023 NBA All-Stars

Click here to take the quiz!

General Stats

  • This quiz has been taken 91 times
  • The average score is 26 of 27

Answer Stats

All-Star Team / Team / NumberAnswer% Correct
Giannis / Bucks / 34Giannis Antetokounmpo
100%
Giannis / Celtics / 0Jayson Tatum
99%
LeBron / 76ers / 21Joel Embiid
99%
LeBron / Lakers / 6LeBron James
99%
Giannis / Grizzlies / 12Ja Morant
98%
LeBron / Celtics / 7Jaylen Brown
98%
Giannis / Bucks / 21Jrue Holiday
98%
DNP / Suns / 35Kevin Durant
98%
LeBron / Mavericks / 77Luka Doncic
98%
LeBron / Nuggets / 15Nikola Jokic
98%
Giannis / Heat / 13Bam Adebayo
96%
Giannis / Trail Blazers / 0Damian Lillard
96%
Giannis / Cavaliers / 45Donovan Mitchell
96%
LeBron / Mavericks / 2Kyrie Irving
96%
Giannis / Raptors / 43Pascal Siakam
96%
LeBron / Clippers / 13Paul George
96%
Giannis / Thunder / 2Shai Gilgeous-Alexander
96%
DNP / Warriors / 30Stephen Curry
96%
LeBron / Timberwolves / 1Anthony Edwards
95%
LeBron / Kings / 5De'Aaron Fox
95%
Giannis / Bulls / 11DeMar DeRozan
95%
Giannis / Kings / 10Domantas Sabonis
95%
LeBron / Knicks / 30Julius Randle
95%
Giannis / Jazz / 23Lauri Markkanen
94%
DNP / Pelicans / 1Zion WIlliamson
94%
LeBron / Pacers / 0Tyrese Haliburton
91%
LeBron / Grizzlies / 13Jaren Jackson Jr.
89%

Score Distribution

Percentile by Number Answered

Percent of People with Each Score

Your Score History

You have not taken this quiz